Schematismus...SS. Cyrilli et Methodii...

Bibliographic Details
Format: Book
Language:Undetermined
Published: Zagrabia b. v. 1912

MARC

LEADER 00000nam a2200000 a 4500
001 vtls001341424
003 SK-MaSNL
005 20260223173005.0
008 180810s1912 xx 0 und
035 |a SNK000294569 
040 |a SNK  |b slo  |c SNK  |e AACR2 
041 0 |a und 
044 |a xx 
245 1 |a Schematismus...SS. Cyrilli et Methodii... 
260 |a Zagrabia  |b b. v.  |c 1912 
958 |a ONDV 
999 |c 633232  |d 635162 
952 |t P60, <06>, [BOOK], {606}  |a SNK  |b SNK  |y PREZ  |7 0  |p 17A0159492  |o snkČC 3681/1913  |0 0  |1 1  |4 0  |d 1998-09-09  |l 0  |r 2005-01-02 00:00:00  |w 2026-02-23